مكتبة جامعة عجلون الوطنية

فهرس بحث المكتبة

Normal view MARC view
  • المرور - الطرق - الأردن 

Entry Topical Term

Number of records used in: 1

001 - CONTROL NUMBER

  • control field: 56842

003 - CONTROL NUMBER IDENTIFIER

  • control field: JO-AjAnu

005 - DATE AND TIME OF LATEST TRANSACTION

  • control field: 20230606083319.0

008 - FIXED-LENGTH DATA ELEMENTS

  • fixed length control field: 230606|| aca||aabn | a|a d

040 ## - CATALOGING SOURCE

  • Original cataloging agency: JO-AjAnu
  • Transcribing agency: JO-AjAnu

150 ## - HEADING--TOPICAL TERM

  • Topical term or geographic name entry element: المرور - الطرق - الأردن 

670 ## - SOURCE DATA FOUND

  • Source citation: Work cat.: (JO-AjAnu)29005: الجمعية الأردنية للبحث العلمي. مؤتمر (4 : 2009 : عمان، الأردن) ؛ منسق المحور: غازي الخطيب ؛ المشرف على السلسلة: انور البطيخي, author 56841, الطرق والمرور في الأردن = Highways and traffic in jordan